000 00707cam a2200181 i 4500
005 20260122114317.0
008 250721s2002 ua gr 000 0 ara d
020 _a9770305499
082 1 4 _a341
_bم ج ذ
100 1 _aالمجذوب، محمد
_eمؤلف.
245 1 0 _aالقانون الدولي العام /
_cدكتور محمد سامي عبد الحميد، دكتور محمد السعيد الدقاق، دكتور مصطفى سلامة حسين.
250 _aالطبعة الأولى.
264 3 1 _aبيروت :
_bالحلبي الحقوقية،
_c2002.
300 _a783 صفحة.
650 1 7 _aالقانون الدولي العام.
942 _2ddc
_cBK
999 _c86170
_d86170